-
DHAL, DEBI PRASAD AND REDDY, A RAMI.
Entry Personal Name
Number of records used in: 1
001 - CONTROL NUMBER
003 - CONTROL NUMBER IDENTIFIER
005 - DATE AND TIME OF LATEST TRANSACTION
- control field:
20210705104503.0
008 - FIXED-LENGTH DATA ELEMENTS
- fixed length control field:
210705|| aca||aabn | a|a d
040 ## - CATALOGING SOURCE
- Original cataloging agency:
OSt
- Transcribing agency:
OSt
100 ## - HEADING--PERSONAL NAME
- Personal name:
DHAL, DEBI PRASAD AND REDDY, A RAMI.
670 ## - SOURCE DATA FOUND
- Source citation:
Work cat.: (OSt): DHAL, DEBI PRASAD AND REDDY, A RAMI., INDIAN BAR REVIEW [ VOL- 47 (4) 2020, A REFEREED JOURNAL , SPECIAL ISSUE ON HUMAN RIGHTS, 2020